Womancare : (Record no. 9543)
[ view plain ]
| 000 -LEADER | |
|---|---|
| fixed length control field | 00831nam a22002417a 4500 |
| 003 - CONTROL NUMBER IDENTIFIER | |
| control field | OSt |
| 005 - DATE AND TIME OF LATEST TRANSACTION | |
| control field | 20250502024105.0 |
| 008 - FIXED-LENGTH DATA ELEMENTS--GENERAL INFORMATION | |
| fixed length control field | 250502t1984 |||||||| |||| 00| | eng d |
| 020 ## - INTERNATIONAL STANDARD BOOK NUMBER | |
| International Standard Book Number | 0-380-87643-4 |
| 040 ## - CATALOGING SOURCE | |
| Transcribing agency | JMCFI - Learning Resource Center |
| 082 ## - DEWEY DECIMAL CLASSIFICATION NUMBER | |
| Classification number | MAHL/Med. 618 M178 1984 |
| 100 ## - MAIN ENTRY--PERSONAL NAME | |
| Personal name | Madaras, Lynda |
| 9 (RLIN) | 30881 |
| 245 ## - TITLE STATEMENT | |
| Title | Womancare : |
| Remainder of title | a gynecological guide to your body / |
| Statement of responsibility, etc. | Lynda Madaras, Jane Patterson, and Peter Schick. |
| 250 ## - EDITION STATEMENT | |
| Edition statement | Newly revised. |
| 260 ## - PUBLICATION, DISTRIBUTION, ETC. | |
| Place of publication, distribution, etc. | New York, NY : |
| Name of publisher, distributor, etc. | Avon Books , |
| Date of publication, distribution, etc. | 1984. |
| 300 ## - PHYSICAL DESCRIPTION | |
| Extent | xxiii, 1025 pages ; |
| Dimensions | 23 cm |
| 500 ## - GENERAL NOTE | |
| General note | Includes appendices and indexes. |
| 650 ## - SUBJECT ADDED ENTRY--TOPICAL TERM | |
| Topical term or geographic name entry element | Gynecology |
| General subdivision | Popular works. |
| 9 (RLIN) | 15970 |
| 650 ## - SUBJECT ADDED ENTRY--TOPICAL TERM | |
| Topical term or geographic name entry element | Women's health services |
| Geographic subdivision | United States. |
| 9 (RLIN) | 30882 |
| 700 ## - ADDED ENTRY--PERSONAL NAME | |
| Personal name | Patterson, Jane |
| 9 (RLIN) | 30883 |
| 700 ## - ADDED ENTRY--PERSONAL NAME | |
| Personal name | Schick, Peter |
| 9 (RLIN) | 30884 |
| 942 ## - ADDED ENTRY ELEMENTS (KOHA) | |
| Source of classification or shelving scheme | Dewey Decimal Classification |
| Koha item type | Books |
| Edition | Newly revised |
| Suppress in OPAC | No |
| Withdrawn status | Lost status | Source of classification or shelving scheme | Damaged status | Not for loan | Home library | Current library | Shelving location | Date acquired | Total Checkouts | Full call number | Barcode | Date last seen | Copy number | Price effective from | Koha item type |
|---|---|---|---|---|---|---|---|---|---|---|---|---|---|---|---|
| Dewey Decimal Classification | LRC - Medical and Allied Health | LRC - Medical and Allied Health | MAHL - Medicine | 10/29/2004 | MAHL/Med. 618 M178 1984 | MAHL00002088 | 05/02/2025 | 1 | 05/02/2025 | Books |